000
00222nam a2200085Ia 4500
245
0
_a
The versatile van
100
_a
ALEXANDER, Jenny London, 2009
_9
76838
942
_c
BK
008
210817s9999 xx 000 0 und d
999
_c
260996
_d
260995